000 00840nam a2200241Ia 4500
001 15514
003 GE_BSU
008 181216s||||||||xx |||||||||||||| ||und||
040 _cGE_BSU
080 _a821.353.1-32
100 _aჩიანელი,დია
245 _aგიონ დარანა
245 _bრომანი. ნოველები. მოთხრობები
245 _cრედ.ი.ხოშტარია. მხატვ. ლ.გრიგოლია
260 _aთბილისი
260 _bსაბჭ. საქართველო
260 _c1970
300 _a331გვ.1ფ.პორტრ.20სმ.
653 _aგიონ დარანა
653 _aნოველები. მოთხრობები
653 _aრომანი
942 _cBK
999 _c48614
_d48614